Štúdia odkanalizovania aglomerácie s ČOV v obci Gbelce

Saved in:
Bibliographic Details
Main Author: Golej, Peter, 1984- (Author)
Other Authors: Rusnák, Dušan, 1952- (Thesis advisor)
Format: Manuscript Book
Language:Slovak
Published: Bratislava : STU v Bratislave SvF, 2010
Subjects:
Online Access:VAIS
Tags: Add Tag
No Tags, Be the first to tag this record!

MARC

LEADER 00000ntm a22000003a 4500
001 stu216913
005 20160721135543.3
008 101117s2010----xo------------------slo-d
040 |a STU  |b slo 
041 0 |a slo 
044 |a xo 
100 1 |a Golej, Peter,  |d 1984-  |4 aut  |X 19019  |7 A000019019 
245 1 |a Štúdia odkanalizovania aglomerácie s ČOV v obci Gbelce 
260 |a Bratislava :  |b STU v Bratislave SvF,  |c 2010 
650 7 |a vodné stavby a vodné hospodárstvo  |2 stusub 
650 7 |a Hydraulic and Water Resources Engineering  |2 estusub 
650 7 |a čistiareň odpadových vôd  |2 stusub 
650 7 |a čerpacie stanice  |2 stusub 
700 1 |a Rusnák, Dušan,  |d 1952-  |4 ths  |u V280  |U SvF Stavebná fakulta  |T SvF Katedra zdravotného inžinierstva  |X 719  |U V280  |Y 29  |7 A000000719 
856 4 |a info a plný text  |u http://is.stuba.sk/zp/portal_zp.pl?podrobnosti=62374  |3 VAIS